Squadre - Europei 2024 - Statistics

Statistiche generali
  • Questo quiz è stato fatto 173 volte
  • Il punteggio medio è 21 su 24
Statistiche sulle risposte
Squadra % Corretto
Italia
99%
Spagna
99%
Germania
98%
Croazia
96%
Portogallo
95%
Svizzera
95%
Francia
94%
Inghilterra
94%
Albania
92%
Ungheria
90%
Belgio
89%
Paesi Bassi
89%
Slovacchia
89%
Slovenia
88%
Scozia
86%
Austria
85%
Danimarca
85%
Romania
85%
Turchia
85%
Serbia
83%
Polonia
81%
Ucraina
81%
Repubblica Ceca
78%
Georgia
76%
Nessun quiz corrispondente trovato
Distribuzione punteggi
Percentuale di utenti per punteggio
Percentile per numero di risposta
I tuoi punteggi nel tempo
Non hai fatto questo quiz